MARC details
| 000 -LEADER |
| campo de control de longitud fija |
01338nam a2200397Ia 4500 |
| 001 - NÚMERO DE CONTROL |
| campo de control |
048678 |
| 008 - DATOS DE LONGITUD FIJA--INFORMACIÓN GENERAL |
| campo de control de longitud fija |
221003m2016 xx 000 0 spa d |
| 035 ## - NÚMERO DE CONTROL DEL SISTEMA |
| Número de control de sistema |
CENDO_38614 |
| 041 ## - CÓDIGO DE IDIOMA |
| Código de lengua del texto/banda sonora o título independiente |
spa |
| 245 00 - MENCIÓN DEL TÍTULO |
| Título |
Día internacional del mayor 1 de octubre del 2016 |
| 260 ## - PUBLICACIÓN, DISTRIBUCIÓN, ETC. |
| Lugar de publicación, distribución, etc. |
[Madrid] : |
| Nombre del editor, distribuidor, etc. |
Federación de Pensionistas y Jubilados, |
| Fecha de publicación, distribución, etc. |
2016 |
| 300 ## - DESCRIPCIÓN FÍSICA |
| Extensión |
3 p. ; |
| Dimensiones |
30 cm |
| 500 ## - NOTA GENERAL |
| Nota general |
En: Revista de Orientación e Información, n. 70 (cuarto trimestre 2016), p. 17-19 |
| 650 #0 - PUNTO DE ACCESO ADICIONAL DE MATERIA--TÉRMINO DE MATERIA |
| Término de materia o nombre geográfico como elemento de entrada |
RECESION ECONOMICA |
| 9 (RLIN) |
39 |
| 650 ## - PUNTO DE ACCESO ADICIONAL DE MATERIA--TÉRMINO DE MATERIA |
| Término de materia o nombre geográfico como elemento de entrada |
DESIGUALDAD ECONOMICA |
| 9 (RLIN) |
896 |
| 650 ## - PUNTO DE ACCESO ADICIONAL DE MATERIA--TÉRMINO DE MATERIA |
| Término de materia o nombre geográfico como elemento de entrada |
DERECHOS ECONOMICOS Y SOCIALES |
| 9 (RLIN) |
302 |
| 650 #0 - PUNTO DE ACCESO ADICIONAL DE MATERIA--TÉRMINO DE MATERIA |
| Término de materia o nombre geográfico como elemento de entrada |
PERSONAS DE EDAD AVANZADA |
| 9 (RLIN) |
866 |
| 650 ## - PUNTO DE ACCESO ADICIONAL DE MATERIA--TÉRMINO DE MATERIA |
| Término de materia o nombre geográfico como elemento de entrada |
BENEFICIARIO |
| 9 (RLIN) |
6953 |
| 650 ## - PUNTO DE ACCESO ADICIONAL DE MATERIA--TÉRMINO DE MATERIA |
| Término de materia o nombre geográfico como elemento de entrada |
NECESIDADES ESENCIALES |
| 9 (RLIN) |
4970 |
| 650 ## - PUNTO DE ACCESO ADICIONAL DE MATERIA--TÉRMINO DE MATERIA |
| Término de materia o nombre geográfico como elemento de entrada |
BAJOS INGRESOS |
| 9 (RLIN) |
6351 |
| 650 ## - PUNTO DE ACCESO ADICIONAL DE MATERIA--TÉRMINO DE MATERIA |
| Término de materia o nombre geográfico como elemento de entrada |
POLITICA GUBERNAMENTAL |
| 9 (RLIN) |
1274 |
| 650 ## - PUNTO DE ACCESO ADICIONAL DE MATERIA--TÉRMINO DE MATERIA |
| Término de materia o nombre geográfico como elemento de entrada |
PODER ADQUISITIVO |
| 9 (RLIN) |
21177 |
| 650 ## - PUNTO DE ACCESO ADICIONAL DE MATERIA--TÉRMINO DE MATERIA |
| Término de materia o nombre geográfico como elemento de entrada |
INGRESO GARANTIZADO |
| 9 (RLIN) |
6352 |
| 650 ## - PUNTO DE ACCESO ADICIONAL DE MATERIA--TÉRMINO DE MATERIA |
| Término de materia o nombre geográfico como elemento de entrada |
CONFLICTO SOCIAL |
| 9 (RLIN) |
368 |
| 650 #0 - PUNTO DE ACCESO ADICIONAL DE MATERIA--TÉRMINO DE MATERIA |
| Término de materia o nombre geográfico como elemento de entrada |
DIA INTERNACIONAL DE LAS PERSONAS DE EDAD |
| 9 (RLIN) |
39767 |
| 650 #0 - PUNTO DE ACCESO ADICIONAL DE MATERIA--TÉRMINO DE MATERIA |
| Término de materia o nombre geográfico como elemento de entrada |
ACTITUD SINDICAL |
| 9 (RLIN) |
61 |
| 710 2# - ENTRADA AGREGADA--NOMBRE DE ENTIDAD CORPORATIVA |
| Nombre de entidad corporativa o nombre de jurisdicción como elemento de entrada |
CCOO |
| Unidad subordinada |
Federación de Pensionistas y Jubilados, |
| Término indicativo de función/relación |
ed. |
| 9 (RLIN) |
9548 |
| 856 ## - LOCALIZACIÓN Y ACCESO ELECTRÓNICOS |
| Nota pública |
PDF |
| Identificador Uniforme de Recursos |
<a href="http://docpublicos.ccoo.es/cendoc/048678DiaInternacionalMayor.pdf">http://docpublicos.ccoo.es/cendoc/048678DiaInternacionalMayor.pdf</a> |
| 901 ## - ELEMENTOS DE DATOS A LOCAL LDA (RLIN) |
| a |
0 |
| 903 ## - ELEMENTOS DE DATOS C LOCAL, LDC (RLIN) |
| a |
NO |
| 904 ## - ELEMENTOS DE DATOS D LOCAL, LDD (RLIN) |
| a |
000 |
| 907 ## - ELEMENTOS DE DATOS G LOCAL, LDG (RLIN) |
| a |
Crisis económica |
| 910 ## - DATOS DE OPCIÓN DEL USUARIO (OCLC) |
| Datos de opción del usuario |
2016 |
| 942 ## - ELEMENTOS DE ENTRADA SECUNDARIOS (KOHA) |
| Tipo de ítem Koha |
Documento Electrónico |
| Fuente del sistema de clasificación o colocación |
Clasificación Decimal Dewey |